000 004410000a22001690004500
003 MACL
005 20160106154528.0
008 160106b xxu||||| |||| 00| 0 eng d
040 _aMACL
_cMACL
041 _aEnglish
082 _a882.2col
100 _aColeridge, Edward P
_926979
245 _aThe Tragedies of Sophocles
260 _bG Bell & Sons Ltd
_c1914
_aLondon
650 _aLiterature & Drama
_928841
942 _cBK
_k882.2/COL
_2ddc
999 _c37889
_d37889